000 00946nam a2200277 i 4500
001 110717
003 ES-MaACL
005 20231219062534.0
007 t|
008 070119s1986 sp a |||| | spa d
020 _a84-7046-425-6
080 _a1 Krause, Karl Christian Friedrich.073(460)
080 _a373.3/.5(464.1 M)
100 1 _aJiménez García, Antonio.
_966528
245 1 3 _aEl krausismo y la Institución Libre de la Enseñanza /
_cAntonio Jiménez García ; prólogo de José Luis Abellán.
260 _aMadrid :
_bCincel,
_c1986.
300 _a208 p. :
_bil. ;
_c19 cm.
490 1 _aHistoria de la filosofía ;
_v24
610 2 4 _aInstitución Libre de Enseñanza.
_94724
650 1 4 _aKrausismo-
_zEspaña.
_914041
700 1 _aAbellán, José Luis,
_d1933-2023
_9176509
830 0 _aHistoria de la filosofía ;
_v24
_9181726
852 _aES-MaACL
_jL-15591
852 _aES-MaACL
_jL-10903
999 _c110717
_d110717